00398nam a2200157Ia 4500008004100000082001000041100002200051245002400073260002300097300000800120365000600128520002900134630002400163650002900187730002400216100917s9999 xx 000 0 und d b47539 aAlasdair Anderson aThe Queen Of Hearts bDennis Dobsonc--- a--- b0 aबालविभाग aThe Queen Of Hearts aबालविभाग aThe Queen Of Hearts